El Sistema de gobierno de los Estados Unidos de América
Αποθηκεύτηκε σε:
| Κύριος συγγραφέας: | |
|---|---|
| Μορφή: | Κείμενο |
| Έκδοση: |
Buenos Aires:
Fraterna
|
| Ετικέτες: |
Προσθήκη ετικέτας
Δεν υπάρχουν, Καταχωρήστε ετικέτα πρώτοι!
|
MARC
| LEADER | 00000 a a2200000 04500 | ||
|---|---|---|---|
| 001 | 23026 | ||
| 003 | |||
| 040 | |||
| 020 | |a 950-9097-68-3 | ||
| 090 | |a 158700 | ||
| 100 | |a Griffith, Ernest S. | ||
| 245 | |a El Sistema de gobierno de los Estados Unidos de América | ||
| 260 | |a Buenos Aires: |b Fraterna | ||
| 300 | |a 272 p. | ||
| 999 | |c 7415 |d 7415 | ||



